| 000 | 00352pam a2200157a 44500 | ||
|---|---|---|---|
| 008 | 230515b1985 xxu||||| |||| 00| 0 eng d | ||
| 020 | _aNULL | ||
| 041 | _aENGLISH | ||
| 082 | _a630 | ||
| 100 | _a2386-1963 | ||
| 245 | _aMETHODS OF TEST FOR AGGREGATES FOR CONCRETE | ||
| 250 | _a0 | ||
| 260 |
_aDELHI _bISI _c1985 |
||
| 300 | _a23 | ||
| 650 | _aNULL | ||
| 999 |
_c652174 _d652174 |
||